Pensées sur les plus importantes vérités de la religion, et sur les principaux devoirs du christianisme

Detalles Bibliográficos
Autor principal: Humbert
Formato: Libro
Lenguaje:French
Publicado: Besançon 1824
Edición:Édition augmentée de nouveaux chapitres et de résolutions pratiques placées a la fin de chaque chapitre, avec une courte prière
Materias:
Colección:Banco de datos
Acervo:Biblioteca de la Congregación del Oratorio de San Felipe Neri de México. Iglesia La Profesa
Descripción Física:390 p. 8°
Tema general:Teología dogmática
Notas:Portada tipográfica con pleca en grabado xilográfico. Texto a renglón seguido. Encuadernación en piel sobre cartón. Sello en tinta del Oratorio de San Felipe Neri de México. Biblioteca La Profesa, D.F.
LEADER 01049nam a22001930004500
035 |a 521 
041 0 |a fre 
100 1 |a Humbert 
245 1 0 |a Pensées sur les plus importantes vérités de la religion, et sur les principaux devoirs du christianisme  |c par M. Humbert, missionaire, supérieur de la mission du Diocèse de Besançon 
250 |a Édition augmentée de nouveaux chapitres et de résolutions pratiques placées a la fin de chaque chapitre, avec une courte prière 
260 |a Besançon  |b libraire de Guichard-Chalandre  |c 1824 
300 |a 390 p.  |c 8° 
500 |a Portada tipográfica con pleca en grabado xilográfico. Texto a renglón seguido. Encuadernación en piel sobre cartón. Sello en tinta del Oratorio de San Felipe Neri de México. Biblioteca La Profesa, D.F.  
504 |a Índice de contenido 
650 1 0 |a Teología dogmática 
949 |a Iglesia La Profesa, Biblioteca 649 
942 |c PROFESA 
943 |g Biblioteca de la Congregación del Oratorio de San Felipe Neri de México. Iglesia La Profesa 
999 |c 947332  |d 947332